00471nam a22001697a 450000500170000001000140001702000220003103500130005303700130006608200120007910000110009124500370010226000360013927000870017530000200026250000190028220181119151606.0 aENG-99917 a9380060483c95.00 aEN-83449 bDBAD/PUB a005.133 aN Hema aProgramming in JAVA /cby N Hema aSalembM S K Publicationsc2009 a3/189 E Athanoor Amman Koil Street Masinaganpatti AyyothiyapattanambSaleme636103 a147pc19cm(pbk) aincludes index